Exploring the cosmos / (Record no. 181377)
[ view plain ]
| 000 -LEADER | |
|---|---|
| fixed length control field | 01362 a2200217 4500 |
| 003 - CONTROL NUMBER IDENTIFIER | |
| control field | Nust |
| 005 - DATE AND TIME OF LATEST TRANSACTION | |
| control field | 20221125123833.0 |
| 010 ## - LIBRARY OF CONGRESS CONTROL NUMBER | |
| LC control number | 7652135 |
| 020 ## - INTERNATIONAL STANDARD BOOK NUMBER | |
| International Standard Book Number | 0316091960 (pbk.) |
| 040 ## - CATALOGING SOURCE | |
| Transcribing agency | Nust |
| 082 00 - DEWEY DECIMAL CLASSIFICATION NUMBER | |
| Classification number | 523.1,BER |
| 100 1# - MAIN ENTRY--PERSONAL NAME | |
| Personal name | Berman, Louis. |
| 9 (RLIN) | 103615 |
| 245 10 - TITLE STATEMENT | |
| Title | Exploring the cosmos / |
| Statement of responsibility, etc. | Louis Berman, J.C. Evans. |
| 250 ## - EDITION STATEMENT | |
| Edition statement | 2nd ed. |
| 260 ## - PUBLICATION, DISTRIBUTION, ETC. | |
| Place of publication, distribution, etc. | Boston : |
| Name of publisher, distributor, etc. | Little, Brown, |
| Date of publication, distribution, etc. | c1986. |
| 300 ## - PHYSICAL DESCRIPTION | |
| Extent | xi, 579 p., [16] p. of plates : |
| Other physical details | ill. (some col.) ; |
| Dimensions | 26 cm. |
| 505 ## - FORMATTED CONTENTS NOTE | |
| Formatted contents note | Introduction to the Cosmos (Page-1), Early Descriptions of the Cosmos (Page-13), Widening Cosmos logical Horizons (Page-29), Celestial Radiation and the Atom (Page-41), Telescopes and Their Accessories (Page-65), Our Blue White Planet Earth (Page-87), The Moon A Marred World (Page-109), The Solar Systems (Page-131), Planets Satellites and Minor Bodies (Page-147), The Sun Our Bridge to the Stars (Page-187), The Galaxy Studding its Stars (Page-211), The Galaxy and Gas (Page-237), Life Cycles of the Stars (Page-259), Galaxies (Page-287), Cosmic Violence (Page-309), Introduction to Relativity (Page-329), Cosmology (Page-345), Astronomy in Space (Page-361), Exobiology Life on Other Worlds (Page-375), Interstellar Flight and Communication (Page-389), Epilogue (Page-399). |
| 650 #0 - SUBJECT ADDED ENTRY--TOPICAL TERM | |
| Topical term or geographic name entry element | Astronomy. |
| 700 1# - ADDED ENTRY--PERSONAL NAME | |
| Personal name | Evans, J. C. |
| Dates associated with a name | 1938- |
| 9 (RLIN) | 103616 |
| 942 ## - ADDED ENTRY ELEMENTS (KOHA) | |
| Source of classification or shelving scheme | |
| Koha item type | Book |
| Call number prefix | 523.1,BER |
| Withdrawn status | Lost status | Source of classification or shelving scheme | Damaged status | Not for loan | Collection code | Permanent Location | Current Location | Date acquired | Total Checkouts | Full call number | Barcode | Date last seen | Price effective from | Koha item type |
|---|---|---|---|---|---|---|---|---|---|---|---|---|---|---|
| Military College of Signals (MCS) | Military College of Signals (MCS) | 12/12/2016 | 523.1 BER | MCS22638 | 12/08/2016 | 12/12/2016 | Book |
